Responses for Show #4879 - Thursday, November 24, 2005

Bill MacDonald game 3.

Contestants

[<< previous game]

Wendy Stancer, a database administrator from Walnut Creek, California

Ben Davis, an investment specialist from Fort Mitchell, Kentucky

Bill MacDonald, an attorney from Bonita Springs, Florida (whose 2-day cash winnings total $23,399)

[next game >>]

Jeopardy! Round responses

NATIVE AMERICA
EUROPEAN EATS
FOLK ETYMOLOGY
PLAY
THAT FUNKY MUSIC
DWIGHT BOY
    $200 14
our children

Ben
    $200 13
kielbasa

Ben
    $200 12
(Alex: [*] is right. Good girl.)

4

Wendy
    $200 7
Antony and Cleopatra

Wendy
    $200 1
James Brown

Bill
    $200 6
(Dwight) Eisenhower

Bill
    $400 15
Maine

Bill
    $400 16
a smorgasbord

Bill
    $400 17
a cellar

Bill
    $400 8
Pygmalion

Bill
    $400 2
Average White Band

Bill
    $400 24
Dwight Clark

Wendy
    $600 21
Mexico City

Ben
    $600 28
borscht

Ben
    $600 18
(Wendy: What is groomsman?)

bridegroom

Wendy
Triple Stumper
    $600 9
The Glass Menagerie

Wendy
    $600 3
George Clinton

Bill
    $600 25
Sanskrit

Wendy
    $800 22
(Wendy: What is Alaska?)

California

Wendy
Triple Stumper
    $800 29
sprat

Bill
    $800 19
(Bill: What is a wing?)

rib

Bill
Triple Stumper
    $800 10
A Man for All Seasons

Bill
    $800 4
Wild Cherry

Bill
    $800 26
Lindbergh

Wendy
    $1000 23
Powhatan

Ben
    $1000 30
(Bill: What are latkes?)

pierogi

BillWendy
    $4,800 20
polecat

Bill
    $1000 11
Murder in the Cathedral

Bill
    $1000 5
(Alex: And that is [*]. [*]. Bill, let's go somewhere else.)

"Hollywood Swinging"

Triple Stumper
    $1000 27
(Dwight) Moody

Wendy

Scores at the first commercial break (after clue 17):

Bill Ben Wendy
$5,600 $400 $1,000

Scores at the end of the Jeopardy! Round:

Bill Ben Wendy
$9,400 $2,600 $3,400

Double Jeopardy! Round responses

RELATIVITY AT 100
(Alex: We want to you to name the subject of each biopic in...)
YOUR LIFE ON THE BIG SCREEN
TENNESSEE FOR YOURSELF
OPERA
FORBES' TOP EXECUTIVE SALARIES
(Alex: ...for 2005.)
"D"-RIGEUR
    $400 8
Physics

Bill
    $400 3
Lou Gehrig

Bill
    $400 1
the Scopes Monkey Trial

Wendy
    $400 24
The Flying Dutchman

Triple Stumper
    $400 21
Wells Fargo

Ben
    $400 2
dodo

Bill
    $800 9
Alpha Centauri

Bill
    $800 4
Lenny Bruce

Bill
    $800 17
Memphis

Ben
    $800 27
the Seraglio

Bill
    $800 22
Barry Diller

Triple Stumper
    $800 11
(Howard) Dean

Ben
    $1200 10
mass

Wendy
    $1200 5
Rubin "Hurricane" Carter

Bill
    $1200 18
Rocky Top

Ben
    $2,000 28
(Alex: The other Daily Double. Here's your chance to do yourself a world of good. Nobody even close to you, Bill. A $13,000 lead. Big cushion.)
(Bill: Yeahhhh...)
(Alex: It's OPERA, a favorite category of yours.)
(Bill: I'll bet $2,000.)
(Alex: I thought you were going to say $2.)
...
(Alex: [*]. Der Rosenkavalier, yes.)

a rose

Bill
    $1200 23
(Ben: What is Gucci?)

Coach

BillBen
    $1200 14
DNA

Bill
    $1600 12
clocks

Triple Stumper
    $1600 6
(Alex: That was heavyweight champ [*].)

Jim Braddock

Triple Stumper
    $4,000 19
(Ben: Who is Shelby Foote?)

Alex Haley

Ben
    $1600 25
Occidental

Bill
    $1600 15
Delhi

Ben
    $2000 13
special relativity

Bill
    $2000 7
(Alex: The Frenchman's name was [*]. [*].)

Henri Charriere

Triple Stumper
    $2000 20
(Alex: Also ran for president later, [*].)

Lamar Alexander

Triple Stumper
    $2000 26
Oracle

Wendy
    $2000 16
Lord Alfred Douglas

Triple Stumper

Scores at the end of the Double Jeopardy! Round:

Bill Ben Wendy
$22,200 $2,200 $7,000
(lock game)

[wagering suggestions for these scores]

Final Jeopardy! Round responses

HISTORIC NAMES
(Alex: Yes, sir. "Braveheart".)
BenWho was William Wallace
$2,199
WendyWho was William Wallace?
$2,599
BillWho was William Wallace?
$8,199
William Wallace

Final scores:

Bill Ben Wendy
$30,399 $4,399 $9,599
3-day champion: $53,798 3rd place: $1,000 2nd place: $2,000

Game dynamics:

Coryat scores:

Bill Ben Wendy
$17,600 $6,200 $7,000
25 R
(including 2 DDs),
2 W
10 R,
2 W
(including 1 DD)
11 R,
2 W

Combined Coryat: $30,800

[game clues] [game scores] [suggest correction]

Game tape date: 2005-08-17
The J! Archive is created by fans, for fans. Scraping, republication, monetization, and malicious use prohibited; this site may use cookies and collect identifying information. See terms. The Jeopardy! game show and all elements thereof, including but not limited to copyright and trademark thereto, are the property of Jeopardy Productions, Inc. and are protected under law. This website is not affiliated with, sponsored by, or operated by Jeopardy Productions, Inc. Join the discussion at JBoard.tv.